[Event "Bad Woerishofen op"]
[Site "Bad Woerishofen"]
[Date "2001.??.??"]
[Round "5"]
[White "Schmidt, Volker"]
[Black "Wawrinsky, Ludwig"]
[Result "1/2-1/2"]
[WhiteElo "2000"]
[BlackElo "1755"]
[Annotator "ChessOrg"]
[PlyCount "67"]
[EventDate "1998.03.05"]
[Source "ChessBase"]
[SourceDate "1998.04.29"]

1. e4 {C00: Franzoesische Verteidigung (Seltene Zuege)} 1... e6 2. d4 b6 3. Nf3
Bb7 4. Bd3 Nf6 5. Bg5 {letzter Buchzug} 5... Be7 6. Nbd2 d6 7. c4 Nbd7 8. O-O
Rc8 (8... e5 9. Qc2 $11) 9. Rc1 (9. Qa4 9... a6 $14) 9... h6 10. Bxf6 (10. Bh4
10... c5 $11) 10... Nxf6 (10... Bxf6 11. Qa4 $11) 11. Qe2 (11. Qa4+ 11... c6
$14) 11... O-O 12. Rfd1 Re8 13. Bb1 c5 14. dxc5 dxc5 (14... bxc5 $5 $142 15.
Bc2 15... Qb6 $11) 15. e5 $16 15... Nd7 16. Ne4 Qc7 17. Nc3 (17. Nd6 $5 $142
17... Bxf3 18. Qd3 $14 (18. Qxf3 $2 18... Nxe5 19. Qe4 19... Bxd6 $19)) 17...
Bxf3 $15 18. Qd3 $2 (18. Qxf3 Nxe5 19. Qe4 19... f5 $17) 18... Nf8 (18... Bg5
$5 $142 19. Nb5 Qd8 20. Qxf3 Bxc1 21. Rxc1 21... Nxe5 $19) 19. Nb5 Qxe5 20.
Qxf3 a6 21. Nc3 Bd6 (21... Bg5 $5 22. Re1 22... Qf4 $17) 22. g3 $15 22... Bb8
23. Qb7 Qc7 24. Qxa6 Red8 25. Be4 Rxd1+ 26. Rxd1 Rd8 27. Qa4 Rxd1+ 28. Qxd1 Qd7
29. Qe2 Bc7 30. Qc2 h5 31. h4 g6 32. Nb5 Bd8 33. Qe2 Nh7 34. Qd3 1/2-1/2

[Event "Bad Woerishofen op"]
[Site "Bad Woerishofen"]
[Date "2001.??.??"]
[Round "7"]
[White "Schmidt, Volker"]
[Black "Mueller, Gunter"]
[Result "1-0"]
[WhiteElo "2000"]
[BlackElo "1781"]
[Annotator "ChessOrg"]
[PlyCount "37"]
[EventDate "1998.03.05"]
[Source "ChessBase"]
[SourceDate "1998.04.29"]

1. e4 {B01: Skandinavische Verteidigung} 1... d5 2. e5 2... f5 {letzter Buchzug
} 3. d4 e6 4. g4 (4. Be3 4... c5 $14) 4... c5 $11 5. gxf5 exf5 6. c3 Nc6 7. Ne2
Qh4 (7... Nge7 8. Bg2 $14) 8. Nf4 (8. Bg2 $5 $14) 8... cxd4 $11 9. cxd4 g5 10.
Nxd5 $2 (10. Ne2 $11 $142) 10... Qe4+ $19 11. Ne3 $2 (11. Be3 $142 11... Qxd5
12. Rg1 Bb4+ 13. Nc3 $19) 11... Qxh1 12. Qh5+ Kd8 13. Nc3 (13. Qxg5+ Kc7 14.
Qh4 14... Be7 $19) 13... Nxd4 (13... Nge7 $142 14. Nb5 14... Rg8 $19) 14. Bd2
$4 (14. Qd1 Bc5 15. Nc2 Qxh2 16. Bxg5+ Ke8 17. Nxd4 Qxe5+ 18. Be3 $19) 14...
Nf3+ 15. Ke2 g4 (15... Nxd2 16. Rd1 Ne7 17. Bg2 Qxd1+ 18. Kxd1 $19 (18. Nexd1
$4 18... Nc4 $19)) 16. Rd1 Be6 (16... Nd4+ 17. Kd3 Ne6 18. Kc2 $19) 17. Bc1+
17... Kc8 $4 (17... Kc7 $142 18. Ncd5+ 18... Kc6 $19) 18. Qe8+ Kc7 19. Ned5+ (
19. Ned5+ Bxd5 20. Nxd5#) 1-0

[Event "Bad Woerishofen op"]
[Site "Bad Woerishofen"]
[Date "2001.??.??"]
[Round "2"]
[White "Schmitt, Karl"]
[Black "Proksch, Guenter"]
[Result "1/2-1/2"]
[WhiteElo "1802"]
[BlackElo "2079"]
[Annotator "ChessOrg"]
[PlyCount "26"]
[EventDate "1998.03.05"]
[Source "ChessBase"]
[SourceDate "1998.04.29"]

1. c4 {A30: Englische Eroeffnung (Symmetrische Variante)} 1... c5 2. b3 Nc6 3.
Bb2 b6 4. Nf3 e6 5. e3 Bb7 6. d4 cxd4 7. exd4 Nf6 8. Bd3 Be7 9. O-O d5 10. Nc3
O-O 11. Qe2 dxc4 12. bxc4 12... Rc8 {letzter Buchzug} 13. Rad1 Nb4 (13... Nxd4
$2 14. Nxd4 Qd7 15. Nf3 $18) 1/2-1/2

[Event "Bad Woerishofen op"]
[Site "Bad Woerishofen"]
[Date "2001.??.??"]
[Round "4"]
[White "Schmitt, Karl"]
[Black "Pircher, Karl"]
[Result "1/2-1/2"]
[WhiteElo "1802"]
[BlackElo "2041"]
[Annotator "ChessOrg"]
[PlyCount "38"]
[EventDate "1998.03.05"]
[Source "ChessBase"]
[SourceDate "1998.04.29"]

1. c4 {A13: Reti-Eroeffnung} 1... e6 2. Nf3 d5 3. e3 Nf6 4. b3 Be7 5. Bb2 O-O
6. d4 b6 7. Bd3 Bb7 8. O-O Nbd7 9. Nbd2 c5 10. Qe2 10... Rc8 {letzter Buchzug}
11. e4 dxe4 12. Nxe4 cxd4 13. Nxd4 Nc5 14. Nxc5 Bxc5 15. Rad1 Qe7 (15... Bxd4
$143 16. Bxd4 Qe7 17. Rfe1 $14) 16. Bb1 Rfd8 17. Rfe1 Kf8 18. h3 Ba8 19. Nf3 h6
1/2-1/2

[Event "Bad Woerishofen op"]
[Site "Bad Woerishofen"]
[Date "2001.??.??"]
[Round "7"]
[White "Schmitt, Karl"]
[Black "Thurner, Michael"]
[Result "1-0"]
[WhiteElo "1802"]
[BlackElo "1495"]
[Annotator "ChessOrg"]
[PlyCount "41"]
[EventDate "1998.03.05"]
[Source "ChessBase"]
[SourceDate "1998.04.29"]

1. c4 {E67: Koenigsindisch (Hauptvariante des g3-Systems ohne e2-e4)} 1... Nf6
2. Nf3 g6 3. g3 Bg7 4. Bg2 O-O 5. O-O d6 6. d4 Nbd7 7. Nc3 7... Rb8 {
letzter Buchzug} 8. Re1 b6 9. Qc2 Bb7 10. d5 c6 11. e4 cxd5 12. exd5 Re8 13.
Bf4 Rc8 14. Nd2 Qc7 (14... Ba6 15. Qb3 $11) 15. Rac1 (15. Nb5 $5 15... Qb8 16.
Rxe7 Rxe7 17. Bxd6 $16) 15... Ba6 16. Nd1 b5 17. b3 bxc4 18. Nxc4 Nb6 19. Nde3
Bb7 20. Qd2 20... Qc5 $4 (20... Nxc4 $142 21. Nxc4 21... Qd7 $14) 21. Nxd6 $1 (
21. Nxd6 Qxc1 22. Rxc1 Rxc1+ 23. Qxc1 exd6 24. Qd2 $18) 1-0

[Event "Bad Woerishofen op"]
[Site "Bad Woerishofen"]
[Date "2001.??.??"]
[Round "8"]
[White "Schmitt, Karl"]
[Black "Glas, Stefan"]
[Result "1/2-1/2"]
[WhiteElo "1802"]
[BlackElo "2119"]
[Annotator "ChessOrg"]
[PlyCount "38"]
[EventDate "1998.03.05"]
[Source "ChessBase"]
[SourceDate "1998.04.29"]

1. c4 {A15: Englisch gegen Koenigs-Fianchetto} 1... Nf6 2. Nf3 d6 3. g3 e5 4.
Nc3 Nc6 5. Bg2 Be7 6. d4 O-O 7. h3 {letzter Buchzug} 7... Bf5 8. Nh4 Bd7 9. d5
Nb8 10. O-O Ne8 11. Nf3 f5 12. e4 a5 13. exf5 Bxf5 14. Be3 Na6 15. a3 Qd7 16.
Kh2 Bf6 17. Ng5 (17. Re1 17... Rd8 $14) 17... Nc5 (17... Bxg5 $5 18. Bxg5 18...
Nc5 $11) 18. Nge4 $14 18... b6 19. b4 Nxe4 1/2-1/2

[Event "Bad Woerishofen op"]
[Site "Bad Woerishofen"]
[Date "2001.??.??"]
[Round "3"]
[White "Schmitzer, Peter"]
[Black "Fries, Werner"]
[Result "1-0"]
[WhiteElo "2118"]
[BlackElo "1652"]
[Annotator "ChessOrg"]
[PlyCount "67"]
[EventDate "1998.03.05"]
[Source "ChessBase"]
[SourceDate "1998.04.29"]

1. d4 {A45: Damenbauernspiele (Trompowski-Angriff)} 1... Nf6 2. Bg5 e6 3. e4
3... Be7 {letzter Buchzug} 4. Nc3 c6 (4... Nxe4 5. Bxe7 Nxc3 6. Qg4 Qxe7 7.
Qxg7 $11) 5. Bd3 (5. e5 Nd5 6. Bxe7 6... Nxe7 $14) 5... Qa5 6. Qd2 (6. e5 Bb4
7. Bd2 7... Nd5 $16) 6... h6 7. Bxf6 Bxf6 8. Nf3 (8. e5 Bg5 9. f4 Bh4+ 10. g3
10... Be7 $14) 8... Qh5 (8... d6 $5 $11 $142) 9. e5 Bg5 (9... Be7 $5 $16) 10.
Nxg5 $18 10... hxg5 11. Ne4 d5 12. exd6 Nd7 (12... g4 13. O-O-O $18) 13. Qxg5
Qxg5 14. Nxg5 Nf6 15. c4 Nh5 16. g3 Rh6 17. Kd2 f6 (17... Nf6 18. f4 $18) 18.
Ne4 Bd7 19. Rae1 O-O-O 20. Nc5 f5 21. Re5 g5 (21... Nf6 22. h4 $18) 22. Rhe1 (
22. h4 $5 $142 22... Ng7 $18) 22... Ng7 23. R1e2 Rdh8 (23... b6 24. Na6 $18)
24. b4 (24. d5 exd5 25. Re7 Rxd6 26. Nxb7 26... Rg6 $18) 24... g4 (24... b6 25.
Na6 $18) 25. Kc3 (25. d5 exd5 26. Re7 Rxd6 27. Nxb7 Ne8 28. Bxf5 Bxf5 29. Rxe8+
Kxb7 30. Rxh8 dxc4+ 31. Kc3 31... Kb6 $18) 25... Rxh2 $2 (25... b6 $142 26. Na6
26... Ne8 $18) 26. d5 $1 26... R8h6 (26... exd5 27. Re7 $18) 27. dxe6 Nxe6 (
27... Rxe6 28. Rxe6 Bxe6 29. Nxe6 Nxe6 30. Bxf5 $18) 28. Nxe6 (28. Bxf5 b6 29.
Nxe6 29... Rf6 $18) 28... Bxe6 (28... Rxe6 29. Rxe6 Bxe6 30. Rxe6 30... Rxf2
$18) 29. Rxe6 (29. Bxf5 $142 29... Kd7 30. c5 $18) 29... Kd7 (29... Rxe6 30.
Bxf5 Kd7 31. Rxe6 Rxf2 32. Bxg4 $18) 30. c5 (30. Re7+ Kd8 31. Re8+ Kd7 32.
R2e7+ Kxd6 33. c5+ Kd5 34. Bc4#) 30... Rxe6 $18 31. Bxf5 Rhh6 32. Rxe6 Rxe6 33.
Bxg4 b6 (33... Kd8 34. Bxe6 Ke8 35. Kd4 $18) 34. f4 (34. f4 bxc5 35. bxc5 $18)
(34. Bxe6+ $142 34... Kxe6 35. Kd4 35... Kf6 $18) 1-0

[Event "Bad Woerishofen op"]
[Site "Bad Woerishofen"]
[Date "2001.??.??"]
[Round "5"]
[White "Schmitzer, Peter"]
[Black "Marotzke, Stefan"]
[Result "1/2-1/2"]
[WhiteElo "2118"]
[BlackElo "1761"]
[Annotator "ChessOrg"]
[PlyCount "92"]
[EventDate "1998.03.05"]
[Source "ChessBase"]
[SourceDate "1998.04.29"]

1. d4 {D37: Damengambit} 1... d5 2. Nf3 Nf6 3. c4 e6 4. Nc3 Be7 5. e3 O-O 6.
Bd3 dxc4 7. Bxc4 c5 8. O-O a6 9. a4 {letzter Buchzug} 9... b6 10. b3 Bb7 11.
Bb2 Nc6 12. d5 exd5 13. Nxd5 Nxd5 14. Bxd5 Na5 15. Bxb7 Nxb7 16. Qc2 Bf6 17.
Rad1 Qe7 18. Bxf6 Qxf6 19. Rd7 Na5 20. Rfd1 Rab8 (20... Rfd8 $5 $11) 21. Qd3 g6
22. h4 Qe6 23. Rd5 Rfe8 (23... Ra8 24. Qc2 $14) 24. Ng5 Qg4 25. h5 Nc6 26. f3
Qh4 27. hxg6 (27. Qc3 h6 28. Qf6 hxg5 29. hxg6 $18) 27... hxg6 $15 28. Qc3 Ne7
29. Qf6 Nxd5 30. Qxf7+ Kh8 31. Qxg6 Re7 32. Rxd5 32... Rg7 $2 (32... Qe1+ 33.
Kh2 Qh4+ 34. Nh3 $14) 33. Qf5 $4 (33. Nf7+ $142 33... Rxf7 34. Rh5+ (34. Qxf7
$6 34... Qe1+ 35. Kh2 Qh4+ 36. Kg1 Qe1+ 37. Kh2 Qh4+ 38. Kg1 $11) 34... Qxh5
35. Qxh5+ Kg8 36. Kf2 $18) 33... Qe1+ $11 34. Kh2 Qh4+ 35. Nh3 $4 (35. Qh3
Qxh3+ 36. Kxh3 36... Rc8 $11) 35... Rbg8 (35... Qg3+ 36. Kh1 Qxg2#) 36. Qh5+
$14 36... Qxh5 37. Rxh5+ Rh7 38. Rxh7+ Kxh7 39. g4 b5 40. axb5 axb5 41. Nf4 c4
42. bxc4 bxc4 43. Nd5 (43. Ne2 43... Rc8 $17) 43... Rd8 $19 44. e4 Rc8 (44...
Kg6 45. Nb4 c3 46. Kg3 $17) 45. Nc3 $17 45... Rd8 (45... Rb8 $5 $142 46. Kg3
46... Rb3 $17) 46. Nd5 $11 46... Rc8 (46... Kg7 47. g5 47... Rd7 $14) 1/2-1/2

[Event "Bad Woerishofen op"]
[Site "Bad Woerishofen"]
[Date "2001.??.??"]
[Round "7"]
[White "Schmitzer, Peter"]
[Black "Sepp, Lothar"]
[Result "0-1"]
[WhiteElo "2118"]
[BlackElo "1866"]
[Annotator "ChessOrg"]
[PlyCount "98"]
[EventDate "1998.03.05"]
[Source "ChessBase"]
[SourceDate "1998.04.29"]

1. d4 {D47: Damengambit (Meraner Variante)} 1... d5 2. Nf3 Nf6 3. c4 e6 4. Nc3
Nbd7 5. e3 c6 6. Bd3 dxc4 7. Bxc4 b5 8. Be2 Bb7 9. O-O a6 10. a3 10... Be7 {
letzter Buchzug} 11. e4 (11. b4 a5 12. bxa5 12... Qxa5 $11) 11... O-O 12. e5
Nd5 13. Nxd5 exd5 14. b4 a5 15. Bd2 axb4 16. Bxb4 Bxb4 17. axb4 Rxa1 18. Qxa1
Qb6 (18... f6 19. exf6 Nxf6 20. Ne5 $11) 19. Qc3 Ra8 20. Ng5 Qd8 21. Qe3 Nf8
22. f4 (22. Bh5 g6 23. Bd1 23... Qe7 $11) 22... Qe7 (22... h6 23. Nf3 $15) 23.
Qd2 f6 24. Nf3 Ra4 25. Rb1 Bc8 26. Bd3 Bg4 27. Ne1 Ne6 28. h3 Bh5 29. Bc2 Ra3
30. Kh2 (30. Bf5 fxe5 31. dxe5 Qa7+ 32. Kh2 Qf7 33. Bxe6 33... Qxe6 $11) 30...
fxe5 $15 31. fxe5 (31. dxe5 $5 $142 31... Qh4 32. Nd3 $15) 31... Qh4 $17 32.
Bf5 Nxd4 33. Bd3 Ne6 (33... Bg6 34. Bxg6 Qg3+ 35. Kg1 Qxg6 36. Rd1 $19) 34. g3
(34. Nc2 $5 $142 34... Ra2 35. Bf5 $17) 34... Qd4 $19 35. Rb2 $2 (35. Rc1 $142
35... Be8 36. Qc2 $19) 35... Ra1 36. g4 (36. Bf5 Qxd2+ 37. Rxd2 $19) 36... Rxe1
$1 37. Qxe1 Qxb2+ (37... Qxd3 $6 38. gxh5 h6 39. Rf2 $11) 38. Kg3 (38. Qe2
Qxe2+ 39. Bxe2 39... Bg6 $19) 38... Bg6 (38... Qa3 39. gxh5 Qxd3+ 40. Kf2 Qxh3
41. h6 $19) 39. Bf5 (39. Bxg6 hxg6 40. h4 Qb3+ 41. Kf2 41... Qc4 $19) 39... Bf7
(39... Qb3+ 40. Kh2 Bxf5 41. gxf5 $19) 40. Kh4 (40. Bxe6 Bxe6 41. Kf3 Qa3+ 42.
Kg2 42... d4 $19) 40... d4 (40... g5+ 41. Kg3 Nf4 42. Qf2 Qxe5 43. Qd2 $19) 41.
Qf1 (41. Bxe6 Bxe6 42. Qg1 42... Qxb4 $19) 41... g5+ (41... Qxb4 42. Be4 $19)
42. Kg3 Qc3+ 43. Kh2 Nf4 44. e6 Bxe6 45. Bxe6+ Nxe6 46. Qf6 (46. Qe2 Kf7 47.
Qe4 d3 48. Qxh7+ 48... Ng7 $19) 46... Qd2+ 47. Kg1 Qe1+ 48. Kh2 (48. Qf1 Qxb4
49. Qe2 49... Qc4 $19) 48... Qe2+ (48... d3 $19 $142) 49. Kh1 (49. Kg1 d3 50.
Qf2 Qd1+ 51. Qf1 $19) 49... d3 (49... d3 50. Qe7 d2 51. Qe8+ Kg7 52. Qe7+ Kg6
53. Qe8+ Kh6 54. Qd7 d1=Q+ 55. Qxd1 Qxd1+ 56. Kh2 Qe2+ 57. Kg3 Nf4 58. h4 Qg2#)
0-1

[Event "Bad Woerishofen op"]
[Site "Bad Woerishofen"]
[Date "2001.??.??"]
[Round "9"]
[White "Schmitzer, Peter"]
[Black "Bonani, Georg"]
[Result "1-0"]
[WhiteElo "2118"]
[BlackElo "1794"]
[Annotator "ChessOrg"]
[PlyCount "55"]
[EventDate "1998.03.05"]
[Source "ChessBase"]
[SourceDate "1998.04.29"]

1. d4 {A45: Damenbauernspiele (Trompowski-Angriff)} 1... Nf6 2. Bg5 Ne4 3. Bf4
c5 4. d5 d6 5. f3 5... g5 {letzter Buchzug} 6. Bc1 (6. fxe4 $143 6... gxf4 7.
Nc3 7... Qb6 $15) 6... Nf6 7. Bxg5 Bg7 8. Nc3 O-O (8... Qb6 9. Bc1 $16) 9. e3
Kh8 10. Bd3 Rg8 11. f4 (11. Nge2 h6 12. Bh4 12... Qb6 $16) 11... Bg4 (11... Qb6
12. Qc1 $16) 12. Nf3 Bh5 (12... Qb6 13. Qd2 $16) 13. O-O (13. Bxf6 Bxf6 14. Ne5
Bxe5 15. Qxh5 Bxc3+ 16. bxc3 16... Rg7 $16) 13... Bg6 (13... Qb6 14. Qc1 $16)
14. Qe1 (14. Bxg6 fxg6 15. Qd2 15... Qb6 $18) 14... Bxd3 15. cxd3 Qd7 16. h3 b5
17. Qh4 (17. e4 17... Ne8 $16) 17... b4 18. Ne4 (18. Bxf6 $5 $142 18... Bxf6
19. Ng5 $16) 18... Nxd5 $15 19. Rae1 f5 (19... Bxb2 $5 20. Qh5 20... f5 $17)
20. Ng3 $14 20... Nf6 21. e4 fxe4 22. Nxe4 (22. dxe4 $142 22... Nc6 23. Rf2 $14
) 22... Qf5 $2 (22... Nd5 23. d4 Bxd4+ 24. Nxd4 cxd4 25. f5 $18) 23. Ng3 (23.
Ne5 dxe5 24. fxe5 Qxe5 25. Nxf6 exf6 26. Rxe5 fxe5 27. Qe4 $18) 23... Qd7 24.
Nh5 24... Nd5 $2 (24... Nxh5 25. Rxe7 (25. Qxh5 $6 25... Nc6 $11) 25... Qf5 26.
Qxh5 $16) 25. Nxg7 (25. Bxe7 $5 25... Nc6 26. Ng5 Bd4+ 27. Kh1 Rxg5 28. Bxg5
28... Qf5 $18) 25... Rxg7 26. Bh6 Rg8 27. Ng5 27... Nf6 $4 (27... Qf5 28. Qh5
28... Rg6 $18) 28. Nf7# 1-0

[Event "Bad Woerishofen op"]
[Site "Bad Woerishofen"]
[Date "2001.??.??"]
[Round "2"]
[White "Schneider, Heiko"]
[Black "Schmitzer, Peter"]
[Result "1-0"]
[WhiteElo "2275"]
[BlackElo "2118"]
[Annotator "ChessOrg"]
[PlyCount "117"]
[EventDate "1998.03.05"]
[Source "ChessBase"]
[SourceDate "1998.04.29"]

1. Nf3 {A05: Uebergaenge in verschiedene Eroeffnungen} 1... g6 2. g3 Bg7 3. Bg2
Nf6 4. O-O O-O 5. d3 d6 6. e4 e5 7. c3 c5 8. Qe2 Nc6 9. h3 {letzter Buchzug}
9... Rb8 10. Be3 b5 11. a3 a5 12. Nbd2 b4 13. axb4 axb4 14. c4 (14. Ra4 bxc3
15. bxc3 15... Rb2 $14) 14... h6 15. Kh2 Nd4 16. Bxd4 cxd4 17. Nb3 Nd7 18. Nfd2
Nc5 (18... Qc7 19. Ra4 $11) 19. Nxc5 $14 19... dxc5 20. Nb3 Qd6 21. Ra5 Be6 (
21... Bb7 22. Nxc5 Bc6 23. Qd2 $16) 22. Nxc5 Ra8 23. Rfa1 Rxa5 24. Rxa5 Bc8 25.
Kg1 Qb6 26. Nb3 Bd7 27. Qe1 Rb8 28. Qa1 Qc7 29. Nc5 Bc8 30. Na6 Bxa6 31. Rxa6
Bf8 32. Bf3 Rb7 33. h4 Bc5 34. h5 Ra7 (34... Kg7 $5 $16 $142) 35. hxg6 $18
35... Rxa6 36. Qxa6 Qd6 (36... Bd6 37. Qa8+ Kg7 38. gxf7 Kxf7 39. Qh8 $18) 37.
Qc8+ Kg7 38. gxf7 Kxf7 39. Bg4 Kg7 40. Bf5 (40. Bh5 40... Bb6 $18) 40... Qe7
41. Qc6 Qd6 42. Qe8 Qf6 43. Be6 Qf8 44. Qh5 Qf6 45. Bd5 Bd6 (45... Kf8 46. Qg4
Ke7 47. Qc8 $18) 46. Qg4+ Qg5 47. Qe6 Qe7 48. Qg8+ Kf6 49. Kf1 Bc5 (49... Qd7
50. b3 $18) 50. f4 Bd6 (50... exf4 51. gxf4 Qd7 52. Kf2 $18) 51. Qg4 (51. f5
Qf8 52. Qe6+ 52... Kg7 $18) 51... Qf8 (51... b3 52. Ke2 $18) 52. Ke2 (52. Qe6+
Kg7 53. f5 53... Kh7 $18) 52... Ke7 (52... Qe7 53. b3 $18) 53. Qe6+ (53. fxe5
Bb8 54. Bc6 54... Kf7 $18) 53... Kd8 54. fxe5 Bc5 (54... Bb8 55. Qb6+ Bc7 56.
Qxd4 Qg7 57. Bf7+ Kc8 58. Be6+ Kb7 59. Qd5+ 59... Ka7 $18) 55. Qc6 (55. Qa6
$142 55... Qe8 56. Qa5+ Kd7 57. Bc6+ Kxc6 58. Qb5+ Kc7 59. Qxe8 59... b3 $18)
55... Qe7 (55... Qe8 56. Qxc5 Qxe5 57. Qb6+ 57... Kd7 $18) 56. Qa8+ Kc7 57.
Qb7+ Kd8 58. Qb8+ Kd7 59. e6+ (59. e6+ Qxe6 60. Qb7+ Kd6 61. Qc6+ Ke7 62. Qxe6+
Kd8 63. Bc6 Kc7 64. Qd7+ Kb6 65. Qb7+ Ka5 66. Qb5#) 1-0

[Event "Bad Woerishofen op"]
[Site "Bad Woerishofen"]
[Date "2001.??.??"]
[Round "4"]
[White "Schneider, Heiko"]
[Black "Krizsany, Laszlo"]
[Result "0-1"]
[WhiteElo "2275"]
[BlackElo "2455"]
[Annotator "ChessOrg"]
[PlyCount "80"]
[EventDate "1998.03.05"]
[Source "ChessBase"]
[SourceDate "1998.04.29"]

1. e4 {B04: Aljechin-Verteidigung (Moderne Variante)} 1... Nf6 2. e5 Nd5 3. d4
d6 4. Nf3 Nb6 5. a4 a5 6. Nc3 g6 7. exd6 cxd6 8. Bb5+ Bd7 9. h4 9... h6 {
letzter Buchzug} 10. Bf4 Bg7 11. Qd2 Bxb5 12. axb5 N8d7 13. O-O Nf6 14. b3 Qc7
15. Rfe1 Rc8 16. Qe2 O-O (16... Nbd5 $5 17. Nxd5 17... Nxd5 $11) 17. Bd2 $14
17... Rfe8 18. Ra2 e5 19. dxe5 (19. Rxa5 $4 19... exd4 20. Qd3 Rxe1+ 21. Bxe1
21... dxc3 $19) 19... dxe5 20. Nd1 e4 21. Nh2 Nbd5 22. Bxa5 b6 23. Bd2 Nh5 24.
Ne3 Ndf4 25. Qf1 Qd8 26. Nc4 Rxc4 27. Bxf4 (27. Qxc4 Qxd2) 27... Rc3 28. Bc1
Qxh4 29. Qe2 Bd4 30. Nf1 (30. Bxh6 e3 31. Bxe3 Rcxe3 32. Qxe3 Bxe3 33. Rxe3
Rxe3 34. fxe3 Qe1+ 35. Nf1 35... Ng3 $19) 30... Re5 (30... Nf4 $5 31. Bxf4
31... Qxf4 $15) 31. Ra4 (31. Bxh6 Ng3 32. Nxg3 Rxg3 33. Ra8+ 33... Kh7 $19)
31... Bc5 (31... Ng7 32. Rxd4 Rh5 33. Qxh5 33... Qxh5 $11 (33... Nxh5 $4 34.
Rdxe4 Qf6 35. Bb2 $18 (35. Bxh6 g5 36. Ne3 36... Qxh6 $17)) (33... gxh5 $143
34. Rdxe4 Qd8 35. R4e2 $14)) 32. Be3 (32. b4 $5 32... Bd4 33. Ra8+ Kh7 34. Qd2
$11) 32... Bxe3 (32... Nf4 33. Bxf4 33... Qxf4 $15) 33. Nxe3 $17 33... Nf4 34.
Qg4 34... Rxe3 $1 35. Qc8+ (35. Rxe3 Qxg4) 35... Kh7 36. Rxe3 Rc5 (36... Rh5
37. Rh3 Qg5 38. Kf1 Qxg2+ 39. Ke1 Rxh3 40. Qxh3 Nxh3 41. Kd2 Qxf2+ 42. Kc3 $19)
37. Rh3 $4 (37. Qf8 Rf5 38. Raxe4 $11) 37... Nxh3+ (37... Qg5 $142 38. Rxh6+
Qxh6 39. Qxc5 Ne2+ 40. Kf1 40... Nc1 $19 (40... bxc5 $143 41. Kxe2 Qh5+ 42. Ke1
$19)) 38. Qxh3 $17 38... Qd8 39. Qg4 (39. Rxe4 Qd1+ 40. Kh2 Qd6+ 41. g3 41...
Rxc2 $17) 39... Qd2 40. Ra1 (40. Qxe4 Rxc2 41. Qe3 Qd1+ 42. Kh2 Qh5+ 43. Kg1
43... Re2 $17) 40... e3 (40... e3 41. Qf4 exf2+ 42. Qxf2 Qxf2+ 43. Kxf2 Rxc2+
44. Ke3 44... Rc5 $19) 0-1

[Event "Bad Woerishofen op"]
[Site "Bad Woerishofen"]
[Date "2001.??.??"]
[Round "6"]
[White "Schneider, Heiko"]
[Black "Khurtsidze, Nino"]
[Result "1/2-1/2"]
[WhiteElo "2275"]
[BlackElo "2459"]
[Annotator "ChessOrg"]
[PlyCount "112"]
[EventDate "1998.03.05"]
[Source "ChessBase"]
[SourceDate "1998.04.29"]

1. e4 {B44: Sizilianisch (Paulsen/Taimanow-Variante)} 1... c5 2. Nf3 e6 3. d4
cxd4 4. Nxd4 Nc6 5. Nb5 d6 6. c4 a6 7. N5c3 Nf6 8. Na3 b6 9. Be2 Bb7 10. O-O
Ne5 11. f4 Ned7 12. Bf3 12... Qc7 {letzter Buchzug} 13. Qe1 g6 14. Be3 Bg7 (
14... Rd8 15. Rd1 $11) 15. Nab5 (15. e5 $5 $142 15... dxe5 16. Nab5 axb5 17.
Nxb5 $16) 15... axb5 $15 16. Nxb5 Qb8 17. e5 Bxf3 (17... Nxe5 18. Bxb7) 18.
Nxd6+ (18. exf6 $5 18... Nxf6 19. Rxf3 $11) 18... Kf8 $15 19. Qb4 Kg8 20. Rxf3
Bf8 21. Rd1 Ne4 22. Qe1 (22. a3 $5 $17) 22... Nxd6 (22... Bxd6 23. exd6 Rxa2
24. Bd4 $11) 23. exd6 Rxa2 (23... Bxd6 $6 24. Qd2 Bc5 25. Qxd7 Rxa2 26. b4
Bxe3+ 27. Rxe3 $14) 24. b4 (24. Bd4 24... Bg7 $19 (24... Bxd6 $6 25. Bxh8 Kxh8
26. Rfd3 Bc5+ 27. Kh1 $17)) 24... h5 (24... Bxd6 25. Qc3 Ra7 26. c5 bxc5 27.
bxc5 $17) 25. Rf2 $17 25... Rxf2 26. Qxf2 Kh7 27. Qf3 (27. c5 bxc5 28. bxc5
28... Qc8 $17) 27... Bxd6 (27... Qc8 $5 $142 28. Bd4 28... Qxc4 $19) 28. Qc6
$15 28... Bxf4 29. Bxf4 Qxf4 30. Qxd7 Rf8 31. Rf1 Qe3+ 32. Kh1 Kg8 33. Qc7 Qd3
34. Kg1 Qd4+ 35. Kh1 Qd8 36. Qf4 Qb8 37. Qf2 Qc7 38. c5 bxc5 39. bxc5 Qc6 40.
h3 Qd7 (40... e5 41. Qe3 e4 42. Rb1 $17) 41. Qf3 Rc8 42. Rd1 Qb5 43. Qc3 Qc6
44. Qe5 Qc7 45. Rd6 Kh7 46. c6 (46. Qf6 $5 $15 $142) 46... Rb8 $19 47. Rxe6 $2
(47. Kh2 $142 47... Rb1 48. h4 $19) 47... Rb1+ 48. Kh2 48... Qxe5+ $4 (48...
Qa7 $142 49. Qe3 Qb8+ 50. c7 Qxc7+ 51. Qe5 51... Qa7 $19) 49. Rxe5 $11 49...
Rc1 50. Re7 Kg7 51. Rc7 Kf6 (51... h4 52. Rc8 $15) 52. Kg3 $11 52... Rc5 53.
Kf3 Ke6 54. Ke3 Rc2 55. Kf3 h4 56. Rc8 Kd6 1/2-1/2

[Event "Bad Woerishofen op"]
[Site "Bad Woerishofen"]
[Date "2001.??.??"]
[Round "8"]
[White "Schneider, Heiko"]
[Black "Vossenkuhl, Joachim"]
[Result "1/2-1/2"]
[WhiteElo "2275"]
[BlackElo "2147"]
[Annotator "ChessOrg"]
[PlyCount "57"]
[EventDate "1998.03.05"]
[Source "ChessBase"]
[SourceDate "1998.04.29"]

1. e4 {B35: Sizilianisch (Beschleunigtes Fianchetto)} 1... c5 2. Nf3 Nc6 3. Nc3
g6 4. d4 cxd4 5. Nxd4 Bg7 6. Be3 Nf6 7. Bc4 Qa5 8. O-O O-O 9. Bb3 d6 10. h3 Bd7
11. Nde2 b5 12. Ng3 {letzter Buchzug} 12... h5 13. f3 Ne5 14. a4 b4 15. Nb1
Rac8 16. Nd2 d5 17. exd5 Nxd5 18. Bd4 Be6 19. Re1 Nf4 (19... Qc7 $11 $142) 20.
Nc4 $4 (20. Re4 $142 20... g5 21. Bxe6 fxe6 22. Ne2 $14) 20... Nxc4 (20... Bxc4
21. Bxc4 Nxc4 22. Bxg7 Kxg7 23. Ne4 $19) 21. Bxg7 Rfd8 (21... Kxg7 $6 22. Qd4+
f6 23. Qxf4 $15) 22. Bd4 (22. Qc1 Qg5 (22... Kxg7 $6 23. Qxf4 a6 24. Rac1 $15)
23. Bh6 23... Qxh6 $19 (23... Qxg3 24. Bxf4 (24. Qxf4 Qxf4 25. Bxf4 25... Rd4
$15) 24... Qh4 25. Re4 $16)) 22... Qg5 23. Bxc4 Qxg3 (23... Bxc4 $143 24. c3
Qxg3 25. Qd2 $19) 24. Bf1 Nxh3+ (24... Rxd4 $142 25. Qxd4 Rxc2 26. Qxf4 Qxf4
27. Re4 $19) 25. Kh1 Rxd4 (25... Qh4 $142 26. gxh3 26... Rxd4 $19 (26... Qxd4
$6 27. Qxd4 Rxd4 28. Bd3 $19)) 26. Qxd4 $17 26... Nf2+ 27. Kg1 Nh3+ (27... Rxc2
28. Rec1 (28. Qxa7 h4 29. Rxe6 h3 (29... fxe6 $6 30. Qxe7 Nh3+ 31. Kh1 Nf2+ 32.
Kg1 $11) 30. Rxg6+ fxg6 (30... Qxg6 $6 31. Qb8+ Kh7 32. Qe5 $15) 31. Bc4+ Rxc4
32. Qxf2 h2+ 33. Kf1 h1=Q+ 34. Ke2 Qe5+ 35. Kd3 Qxa1 36. Kxc4 Qc1+ 37. Kxb4
Qb8+ 38. Ka5 Qcc7+ 39. Ka6 Qbb7#) 28... Nh3+ 29. Kh1 $19) 28. Kh1 Nf2+ (28...
Rxc2 29. Rec1 29... Rf2 $19) 29. Kg1 $11 1/2-1/2